00554nam a2200181 a 450000100060000000300090000600500170001500800410003202000150007304000280008808200160011610000240013224501030015626000300025930000080028965000390029765000360033614061CO-ViMGA20230915230757.0141112s2004 ck r 000 u spa d a8480131861 aCO-ViMGAbspacCO-ViMGA04a796.4 S152b1 aSanchez N., Domingo10aBases para la enseñanza del aerobicbaspectos y recursos didacticos en el proceso de enseñanza aMadrid : bGymnos, c1999 a16914aEJERCICIOS AEROBICOS - ENSEÑANZA14aGIMNASIA AEROBICA - ENSEÑANZA